Vista normal
Vista MARC
Entrada Personal Name
Número de registros utilizados en: 1
001 - CONTROL NUMBER
- control field: 6094
003 - CONTROL NUMBER IDENTIFIER
- control field: OSt
005 - DATE AND TIME OF LATEST TRANSACTION
- control field: 20180716124418.0
008 - FIXED-LENGTH DATA ELEMENTS
- fixed length control field: 171030 a|ac|n|aab||||||||||||a |n|||||||
010 ## - LIBRARY OF CONGRESS CONTROL NUMBER
- LC control number: 2009150494
040 ## - CATALOGING SOURCE
- Original cataloging agency: DLC
- Language of cataloging: spa
- Description conventions: rda
- Transcribing agency: Mx-PuUPA
- Modifying agency: DLC
100 1# - HEADING--PERSONAL NAME
- Personal name: Szente-Varga, Mónika
375 ## - GENDER
- Gender: mujer
377 ## - ASSOCIATED LANGUAGE
- Language code: spa
- Source of code: MARC code list for languages
400 1# - SEE FROM TRACING--PERSONAL NAME
- Personal name: Varga, Mónika Szente-
670 ## - SOURCE DATA FOUND
- Source citation: Migración húngara a México entre 1901 y 1950, 2007:
- Information found: t.p. (Mónika Szente-Varga)
670 ## - SOURCE DATA FOUND
- Source citation: Biblioteca del congreso (Estados Unidos), 30 octubre 2017:
- Information found: catálogo electrónico
- Uniform Resource Identifier: https://goo.gl/GesKeQ